Statistics for 人均GDP低于所有邻居的省区 Provinces with lower GDP/capita than all neighbours

Click here to take the quiz!

General Stats

  • This quiz has been taken 35 times
  • The average score is 4 of 6

Answer Stats

省区2022 人均GDP排名% Correct
甘肃4496834
85%
江西7092319
82%
黑龙江5109633
76%
广西5216432
76%
西藏5843828
64%
河北5699529
58%

Score Distribution

Percentile by Number Answered

Percent of People with Each Score

Your Score History

You have not taken this quiz